[Event "TUR-ch"]
[Site "Kemer"]
[Date "2012.02.04"]
[Round "9"]
[White "Bapoglu, Ibrahim"]
[Black "Ozveren, Ali Bulent"]
[Result "0-1"]
[WhiteElo "1813"]
[BlackElo "1933"]
[PlyCount "122"]
[EventDate "2012.01.29"]
[EventType "swiss"]
[EventRounds "10"]
[EventCountry "TUR"]
[SourceTitle "CBM 146 Extra"]
[Source "ChessBase"]
[SourceDate "2012.02.29"]
[SourceVersion "1"]
[SourceVersionDate "2012.02.29"]
[SourceQuality "1"]

1. Nc3 e5 2. d3 Nf6 3. e4 d5 4. exd5 Nxd5 5. Nge2 Nc6 6. Bd2 Bc5 7. Nxd5 Qxd5 8. Nc3 Qe6 9. Ne4 Bb6 10. Be2 f5 11. Ng5 Qe7 12. 0-0 0-0 13. Bf3 Qd6 14. Bxc6 Qxc6 15. Be3 f4 16. Bxb6 axb6 17. Qf3 Qg6 18. Qd5+ Kh8 19. Nf3 Ra5 20. Qe4 Bf5 21. Qxb7 Bh3 22. Nh4 Qg5 23. Kh1 Bc8 24. Nf3 Qd8 25. Qe4 Bf5 26. Qb4 Qa8 27. Nd2 Re8 28. f3 Rxa2 29. Rxa2 Qxa2 30. Qb3 Qxb3 31. Nxb3 Be6 32. Nd2 Bd5 33. Re1 c5 34. b3 Kg8 35. Kg1 Kf7 36. Ra1 Re6 37. Ra7+ Kf6 38. Rd7 Bc6 39. Rc7 Bd5 40. Kf2 Re7 41. Rxe7 Kxe7 42. g3 g5 43. Nb1 Kd6 44. c4 Bc6 45. Nc3 Ke6 46. g4 Kd6 47. h3 Kc7 48. Na2 b5 49. Nc3 bxc4 50. bxc4 Kb6 51. Ke2 Ka5 52. Na2 Ka4 53. Nc3+ Kb4 54. Nb1 Kb3 55. Nd2+ Kc2 56. Nf1 Be8 57. Nd2 Bg6 58. d4 exd4 59. Ke1 Bd3 60. Ne4 Bxe4 61. fxe4 d3 0-1

[Event "TUR-ch"]
[Site "Kemer"]
[Date "2012.02.03"]
[Round "8"]
[White "Ozveren, Ali Bulent"]
[Black "Suzan, Ufuk"]
[Result "1/2-1/2"]
[WhiteElo "1933"]
[BlackElo "1746"]
[PlyCount "130"]
[EventDate "2012.01.29"]
[EventType "swiss"]
[EventRounds "10"]
[EventCountry "TUR"]
[SourceTitle "CBM 146 Extra"]
[Source "ChessBase"]
[SourceDate "2012.02.29"]
[SourceVersion "1"]
[SourceVersionDate "2012.02.29"]
[SourceQuality "1"]

1. Nf3 d5 2. c4 c6 3. d4 e6 4. g3 Nf6 5. Bg2 Nbd7 6. 0-0 Bd6 7. Nbd2 e5 8. dxe5 Nxe5 9. Nxe5 Bxe5 10. Nf3 Bc7 11. cxd5 cxd5 12. Bg5 Be6 13. Nd4 0-0 14. Rc1 Bb6 15. Qd3 h6 16. Bf4 Qd7 17. Rfd1 Rac8 18. Nxe6 fxe6 19. Qg6 Qf7 20. Qxf7+ Kxf7 21. Bf3 Rc6 22. Rxc6 bxc6 23. Rc1 Rc8 24. b4 Ke7 25. Be5 c5 26. bxc5 Rxc5 27. Rxc5 Bxc5 28. e3 g6 29. Be2 Bd6 30. Bd4 a5 31. f3 e5 32. Bb6 a4 33. Bd3 e4 34. fxe4 Nxe4 35. Kg2 Nc3 36. Bc2 Nxa2 37. Bxa4 Nc3 38. Bc6 Be5 39. Bc5+ Ke6 40. Bf8 h5 41. Be8 Kf6 42. Bc5 Ne4 43. Ba7 Bc7 44. Bd4+ Kg5 45. Bc6 Nf6 46. Bb7 Bd8 47. Kf3 h4 48. Be5 hxg3 49. Bxg3 Kh5 50. h3 g5 51. Bc8 Kg6 52. Be6 Bb6 53. Be5 Bd8 54. Bd4 Ba5 55. Ke2 Ne4 56. Be5 Nf6 57. Kd3 Bb6 58. Bd4 Ba5 59. Ba7 g4 60. hxg4 Kg5 61. Bb8 Nxg4 62. Bf4+ Kh4 63. Ke2 Bb6 64. Kf3 Nxe3 65. Be5 Kg5 1/2-1/2